000 00801nam a2200265Ia 4500
003 OSt
005 20220925232825.0
006 a|||||r|||| 00| 0
007 ta
008 220923b |||||||| |||| 00| 0 eng d
020 _a031221412X
037 _cGeneral Book
040 _aRTL
_cRTL
_beng
041 _2eng
_aeng
082 _aYX,8.688.N9, N8
100 _aDicklitch Susan
245 0 _aElusive promise of NGO's in Africa
_b Lessons from Uganda
260 _aNew York
_bSt. Martin's Press
_c1998
300 _axiv, 294p
_ccm.
490 _aInternational Political Economy Series
500 _aBibliography: P 274-89; Appendix: P 177-245
650 _aVolunteers
_9259031
942 _hYX,8.688.N9, N8
_cGB
_2CC
999 _c592251
_d592251